000 00607nam a2200265Ia 4500
005 20260324153042.0
008 008 260324s9999 xx 000 0 eng d
020 _a9781927885215
037 _aEBOOK
040 _aCRL
040 _beng
040 _cCRL
041 _2eng
041 _aeng
084 _qCRL
100 _aMalkin, Alexander Ya.
_91229964
245 0 _aRheology
260 _bElsevier
260 _c2017
650 _aEngineering
856 _uhttps://www.sciencedirect.com/science/book/9781927885215
942 _cEBOOK
999 _c1841612
_d1841612